| 000 | 00843cam a2200205 i 4500 | ||
|---|---|---|---|
| 005 | 20260125114655.0 | ||
| 008 | 250721s2002 jo gr 000 0 ara d | ||
| 082 | 1 | 4 |
_a346.02 _bم ل ك |
| 100 | 1 |
_aملكاوي، بشار عدنان _eمؤلف. |
|
| 245 | 1 | 0 |
_aتأثر مبادئ العقد عند حلول أزمة سياسة _bمثال الشرق الأوسط منذ 1945 / _cتأليف وترجمة الدكتور بشار عدنان ملكاوي. |
| 250 | _aالطبعة الأولى. | ||
| 264 | 3 | 1 |
_aعمان : _bالمكتبة الفنية، _c2002. |
| 300 | _a352 صفحة. | ||
| 500 | _aرسالة دكتوراة في القانون المدني. | ||
| 650 | 1 | 7 | _aالقانون الخاص. |
| 650 | 1 | 7 | _aالعقود. |
| 650 | 1 | 7 | _aالظروف السياسية. |
| 942 |
_2ddc _cBK |
||
| 999 |
_c87555 _d87555 |
||